000 00765cab a2200205 4500
001 ABS57145
008 090401t1997 xxu||||| |||| 00| 0 eng d
035 _a(Sirsi) u78851
041 _aeng
245 _aDigital cameras
260 _c1997
350 _a0
490 _aBusiness Computer World
_vJune 1997, 60-66(3)
520 _aA review of business uses for digital cameras, profiling a number of users including Bairstow Eves. The firm uses digital photography to photograph properties. Their three month trial of the technology is already showing cost savings. Examines the economics.
650 _aDIGITAL CAMERAS
650 _aESTATE AGENTS
690 _aMANAGEMENT-BUSINESS MANAGEMENT-INFORMATION MANAGEMENT
942 _n0
948 _c10/06/1997
999 _c49558
_d49558